[Event "Wch Amateurs U1700 (Women)"]
[Site "Rhodes"]
[Date "2024.11.01"]
[Round "6"]
[White "Sovna, Sonali Jena"]
[Black "Enkhnamuun, Batkhishigt"]
[Result "1-0"]
[WhiteElo "1587"]
[BlackElo "1659"]
[PlyCount "95"]
[EventDate "2024.10.27"]
[EventType "swiss"]
[EventRounds "9"]
[EventCountry "GRE"]
[SourceTitle "CB45_2024"]
[Source "ChessBase"]
[SourceDate "2024.11.06"]
[SourceVersion "1"]
[SourceVersionDate "2024.11.06"]
[SourceQuality "1"]

1. c4 e5 2. g3 Nf6 3. Bg2 Bc5 4. e3 Nc6 5. Nc3 0-0 6. Nge2 d6 7. 0-0 Bg4 8. a3 a5 9. h3 Bh5 10. g4 Bg6 11. d4 exd4 12. exd4 Bb6 13. Bg5 h6 14. Bh4 Re8 15. Nd5 Ra6 16. Rc1 Be4 17. Bxe4 Rxe4 18. Qd3 Qe8 19. Bxf6 Rxe2 20. c5 dxc5 21. dxc5 Ba7 22. Nxc7 Qe4 23. Qxe4 Rxe4 24. Nxa6 gxf6 25. Nc7 Nd4 26. Nd5 Kg7 27. Nc3 Re5 28. b4 axb4 29. axb4 f5 30. Kg2 fxg4 31. hxg4 Rg5 32. f3 h5 33. Rfd1 Nf5 34. Rd7 hxg4 35. Rxb7 gxf3+ 36. Kxf3 Bxc5 37. bxc5 Nh4+ 38. Ke4 Rxc5 39. Rg1+ Ng6 40. Nd5 Rc4+ 41. Kf5 Rc5 42. Rxg6+ Kh8 43. Rd6 Kg7 44. Rdd7 Kh6 45. Ke5 Kg6 46. Rxf7 Kg5 47. Rg7+ Kh4 48. Rb1 1-0

[Event "Wch Amateurs U1700 (Women)"]
[Site "Rhodes"]
[Date "2024.10.30"]
[Round "4"]
[White "Muratova, Aliya"]
[Black "Sovna, Sonali Jena"]
[Result "0-1"]
[WhiteElo "1451"]
[BlackElo "1587"]
[PlyCount "82"]
[EventDate "2024.10.27"]
[EventType "swiss"]
[EventRounds "9"]
[EventCountry "GRE"]
[SourceTitle "CB45_2024"]
[Source "ChessBase"]
[SourceDate "2024.11.06"]
[SourceVersion "1"]
[SourceVersionDate "2024.11.06"]
[SourceQuality "1"]

1. d4 d5 2. Nf3 Nf6 3. c4 e6 4. Nc3 c5 5. e3 cxd4 6. exd4 Nc6 7. c5 Be7 8. g3 b6 9. Bb5 Bd7 10. Be3 0-0 11. Qa4 Qc7 12. Bf4 Qc8 13. Ba6 Na5 14. Bxc8 Bxa4 15. Nxa4 Raxc8 16. cxb6 axb6 17. Nxb6 Bb4+ 18. Bd2 Bxd2+ 19. Nxd2 Rb8 20. Na4 Rb4 21. Nc5 Rxd4 22. f3 Rc8 23. Ndb3 Nxb3 24. Nxb3 Rb4 25. 0-0 e5 26. Rf2 d4 27. Nc1 Nd7 28. Nd3 Rb5 29. a4 Rb3 30. Nc1 Rb7 31. Nd3 f5 32. Ra2 e4 33. fxe4 fxe4 34. Nf4 Ne5 35. Nd5 Rd8 36. Nf4 e3 37. Re2 d3 38. Rxe3 d2 39. Ra1 d1Q+ 40. Rxd1 Rxd1+ 41. Kf2 Ng4+ 0-1

[Event "IND-ch U13 Girls"]
[Site "Puducherry"]
[Date "2013.07.03"]
[Round "5"]
[White "Harshita, Guddanti"]
[Black "Sovna, Sonali Jena"]
[Result "0-1"]
[WhiteElo "1714"]
[BlackElo "1512"]
[PlyCount "70"]
[EventDate "2013.06.30"]
[EventType "swiss"]
[EventRounds "11"]
[EventCountry "IND"]
[SourceTitle "EXT 2014"]
[Source "ChessBase"]
[SourceDate "2013.11.20"]
[SourceVersion "1"]
[SourceVersionDate "2013.11.20"]
[SourceQuality "1"]

1. d4 e6 2. Nf3 Nf6 3. Bg5 Be7 4. Nbd2 d5 5. e3 c5 6. c3 c4 7. Be2 Nc6 8. 0-0 0-0 9. b3 b5 10. Bxf6 Bxf6 11. a4 b4 12. cxb4 c3 13. Nb1 Nxb4 14. Nxc3 Bb7 15. Qd2 a5 16. Rfc1 Qb6 17. Nb5 Rfc8 18. Ne5 Bxe5 19. dxe5 Nc6 20. f4 Ba6 21. Nd6 Rc7 22. Bxa6 Rxa6 23. Nb5 Rc8 24. Nd4 Qc7 25. Nxc6 Rxc6 26. Rxc6 Qxc6 27. Rc1 Qb7 28. Qc3 Ra8 29. Rb1 h6 30. b4 Rc8 31. Qb3 axb4 32. Qxb4 Rc1+ 33. Rxc1 Qxb4 34. Rf1 Qxa4 35. Kf2 Qc2+ 0-1